000 00730nam a2200277 a 4500
005 20140412111329.0
008 021209s19uu xx 00 eng d
020 _a0-590-48419-2
050 _aER E
_bCl61Fi 1994
050 _aTR(PS E
_bCl61Fi 1994
050 _aTR(PS
_bCl61Fi 1994
050 _aER
_bCl61Fi 1994
100 _aBridwell, Norman
245 _aClifford: the firehouse dog /
_cNorman Bridwell.
260 _aNew York :
_bScholastic Inc,
_c1994.
300 _a1 v. (unp.) ; ill.
440 _aClifford the big red dog
650 _aDogs--Fiction
650 _aFirefighter--Fiction
999 _c104825
_d104825